Easy quiz about Finland - Statistics

General Stats
  • This quiz has been taken 29 times
    28 since last reset
  • The average score is 7 of 15
Answer Stats
Hint Answer % Correct
How many cities in Finland have a tram? 3
90%
Name one of the 5 largest Finnish cities (not including Helsinki) Tampere
86%
What meat is often eaten especially in the north of Finland? reindeer
71%
Who lives in Lapland? Santa
62%
How many mountains does Finland have? 0
57%
What are the official languages of Finland? Finnish and Swedish
52%
What is the Finnish national animal? bear
48%
Popular Finnish candy? salmiakki
48%
FULL name of current president? Alexander Stubb
43%
Name of current prime minister? Petteri Orpo
33%
What is the Finnish national bird? swan
33%
What is the Finnish national book? Kalevala
29%
What city is also known as south Helsinki? Tallinn
24%
Most commonly given name of all time? Maria
10%
Main export for Finland in 2023? nuclear reactors
0%
No matching quizzes found
Score Distribution
Percent of People with Each Score
Percentile by Number Answered
Your Score History
You have not taken this quiz since the last reset